000 00980cam a2200217 4500
001 WB3722-18
008 000000n2001 000 0 eng u
035 _a(Sirsi) u112979
245 _aRICS lettings survey for April 2001
260 _c2001
490 _aRICS Press Release
_v(pr073) 1 June 2001, (2)
520 _aA special survey in the latest RICS quarterly report has shown that the cost of maintaining property is seen as a burden for many landlords and is putting off many investors in the residential lettings market. 92% of those chartered surveyors specialising in the market complained about the cost of maintenance. Other deterrents to investors included a shortage of suitable housing stock and lack of tax incentives.
590 _aWB
650 _aRICS SURVEYS
650 _aPROPERTY MAINTENANCE
650 _aLETTINGS MARKET
650 _aPROPERTY INVESTORS
650 _aABOUT RICS-RICS MEMBERS
690 _aPROPERTY MANAGEMENT
_96262
942 _n0
999 _c67258
_d67258